Commonly Misspelled Words Quiz Stats

Quiz Updated Apr 28, 2015

Challenge
Share
Tweet
Embed
Score 0/20 Timer 05:00
406 Plays Today
% Correct
???
41.8%
???
41.3%
???
41.2%
???
39.3%
???
38.8%
???
38.8%
???
38.3%
???
36.8%
???
36.5%
???
36.3%
% Correct
???
36%
???
33.4%
???
32.3%
???
32.2%
???
27%
???
24%
???
22.7%
???
21.8%
???
20.5%
???
18.5%

You're not logged in!

Compare scores with friends on all Sporcle quizzes.
Sign Up with Email
OR
Log In

You Might Also Like...

Show Comments

Extras

Top Quizzes Today


Score Distribution

Your Account Isn't Verified!

In order to create a playlist on Sporcle, you need to verify the email address you used during registration. Go to your Sporcle Settings to finish the process.